000 00339nam a2200121Ia 4500
008 220214s9999 xx 000 0 und d
100 _aSeyfreth Dietmar
245 3 _aAn Improved organomercury route to diflurocarbene
260 _bJournal of Organometallic Chemistry
_c1972
300 _a97-106
700 _aHopper Steven P
942 _cRE
999 _c45965
_d45965